Statistiques concernant Devinez l'État Américain Mystère #34

Cliquez ici pour prendre le quiz!

Statistiques générales

  • Ce quiz a été pris 110 fois
  • Le résultat moyen est 34 sur 38

Statistiques - réponses

Type de RéponseRéponse% Correct
Lettre de l'AlphabetA
100%
Lettre de l'AlphabetE
100%
Lettre de l'AlphabetN
100%
Lettre de l'AlphabetO
100%
Lettre TrouvéeS
100%
Lettre de l'AlphabetT
100%
Lettre TrouvéeI
99%
Lettre de l'AlphabetL
99%
Lettre de l'AlphabetY
99%
Lettre de l'AlphabetW
98%
Lettre de l'AlphabetC
97%
Lettre de l'AlphabetH
97%
Lettre de l'AlphabetR
97%
Lettre TrouvéeM
96%
Lettre de l'AlphabetF
95%
Lettre de l'AlphabetG
95%
Lettre de l'AlphabetK
95%
Lettre de l'AlphabetU
95%
Lettre de l'AlphabetD
94%
Lettre de l'AlphabetV
92%
Lettre de l'AlphabetX
89%
Lettre de l'AlphabetB
87%
Lettre de l'AlphabetJ
86%
Lettre TrouvéeP
86%
Lettre de l'AlphabetZ
86%
Lettre Bien PlacéeI
84%
Lettre de l'AlphabetQ
83%
Lettre Bien PlacéeI
82%
Lettre Bien PlacéeI
82%
Lettre Bien PlacéeI
82%
Lettre Bien PlacéeM
82%
État MystèreMississippi
82%
Lettre Bien PlacéeP
82%
Lettre Bien PlacéeP
82%
Lettre Bien PlacéeS
82%
Lettre Bien PlacéeS
82%
Lettre Bien PlacéeS
82%
Lettre Bien PlacéeS
82%

Distribution des résultats

Percentile par nombre de réponses

% des personnes avec chaque résultat

Votre développement - résultats

Vous n’avez pas pris ce quiz